| 000 | 01742cam a22003735i 4500 | ||
|---|---|---|---|
| 999 |
_c27157 _d27129 |
||
| 001 | ssj0000834670 | ||
| 003 | WaSeSS | ||
| 005 | 20190214122632.0 | ||
| 006 | m d | ||
| 007 | cr n | ||
| 008 | 101025s2012 paua frbd 001 0 eng d | ||
| 020 | _a9781608311460 | ||
| 020 | _a1608311465 | ||
| 040 |
_aDNLM/DLC _cDLC _dWaSeSS _dEG-ScBUE _beng |
||
| 082 | 0 | 0 |
_a617.6003 _222 _bSTE |
| 245 | 0 | 0 |
_aStedman's dental dictionary : _billustrated / |
| 246 | 3 | 4 | _aMedical dictionary for the dental professions |
| 250 | _a2nd ed. | ||
| 264 | 1 |
_aPhiladelphia : _bWolters Kluwer / Lippincott Williams & Wilkins, _cc.2012. |
|
| 300 |
_axxx, 606, 82 pages : _billustrations (some color) ; _c24 cm. |
||
| 336 |
_2rdacontent _atxt |
||
| 337 |
_2rdamedia _aunmediated |
||
| 338 |
_2rdacarrier _avolume |
||
| 500 | _aRev. ed of: Stedman's medical dictionary for the dental professions. c2007. | ||
| 504 | _aIncludes bibliographical references and index. | ||
| 506 | _aAvailable on campus and off campus with authorized login. | ||
| 520 | _aA resource for various students and professionals in the dental field. It includes 500 illustrations-most in full color-and a glossy full-color oral conditions and disorders insert. | ||
| 650 | 7 |
_2BUEsh _aDentistry _vDictionaries. _940808 |
|
| 653 |
_bDDent _cFebruary2019 |
||
| 710 | 2 |
_aLippincott Williams & Wilkins. _936313 |
|
| 856 | 4 | 0 |
_aIUPUI _uhttps://RX8KL6YF4X.search.serialssolutions.com/ejp/?libHash=RX8KL6YF4X#/search/?searchControl=title&searchType=title_code&criteria=TC0000834670 |
| 856 | 4 | 0 |
_aCOLUMBUS _uhttps://RX8KL6YF4X.search.serialssolutions.com/ejp/?libHash=RX8KL6YF4X#/search/?searchControl=title&searchType=title_code&criteria=TC0000834670 |
| 942 |
_2ddc _cREFERENCE |
||